| 000 | 00553nam a2200169 i 4500 | ||
|---|---|---|---|
| 001 | 44113 | ||
| 003 | ES-MaACL | ||
| 005 | 20230906160946.0 | ||
| 007 | t| | ||
| 008 | 030320s1959 sp ||||1| spa d | ||
| 100 | 1 |
_aCicu, Antonio. _938755 |
|
| 245 | 1 | 3 |
_aEl testamento / _cAntonio Cicu ; traducción y notas al derecho español por Manuel Fairén Martínez. |
| 260 |
_aMadrid : _bRevista de Derecho Privado, _c[1959] ( _fGonzález) |
||
| 300 |
_a367 p. ; _c23 cm. |
||
| 700 | 1 |
_aFairén Martínez, Manuel. _948658 |
|
| 852 |
_aES-MaACL _jC-3911 _bR.44271 |
||
| 999 |
_c44113 _d44113 |
||